Retórica del desagravio : estudios de cultura colonial peruana /

Retórica del desagravio reúne diez textos de la investigadora Elena Altuna, los que reflejan parte importante de la actividad intelectual que ha desarrollado en los últimos doce años. Siete de ellos fueron ya publicados entre 1997 y 2008 ; el último, precisamente, en la sección Debates del n˚8 de es...

Full description

Bibliographic Details
Main Author: Altuna, Elena María
Format: Libro
Language:Spanish
Published: Salta CPIHA 2009
Edition:1a. ed.
Subjects:
Online Access:

MARC

LEADER 00000cam a2200000 a 4500
001 005688
003 UAHC_CL
005 20170803120148.0
008 100310s2009 ag 000 spa
020 |a 9789872229665 
040 |a UAHC_CL  |c UAHC_CL  |d UAHC_CL 
082 0 4 |a 306  |b A469  |2 20 
100 1 |a Altuna, Elena María 
245 1 0 |a Retórica del desagravio :  |b estudios de cultura colonial peruana /  |c Elena Altuna. 
246 2 |a Estudios de cultura colonial peruana 
250 |a 1a. ed. 
260 |b CPIHA  |a Salta  |c 2009 
300 |a 190 p. 
520 |a Retórica del desagravio reúne diez textos de la investigadora Elena Altuna, los que reflejan parte importante de la actividad intelectual que ha desarrollado en los últimos doce años. Siete de ellos fueron ya publicados entre 1997 y 2008 ; el último, precisamente, en la sección Debates del n˚8 de esta misma revista. 
650 4 |a SOCIOLOGIA DE LA CULTURA 
900 |a 306 ALTR 
942 |c BK 
952 |0 0  |1 0  |4 0  |6 306_000000000000000_ALTR  |7 0  |8 General  |9 12333  |a BC  |b BC  |c General  |d 2017-08-03  |l 0  |o 306 ALTR  |p 1377242  |r 2026-01-13 00:00:00  |t 1  |w 2017-08-03  |y BK 
999 |c 5688  |d 5688